טוען...

Causes and consequences of internal migration : a study in the Indian Punjab /

מידע ביבליוגרפי
מחבר ראשי: Oberai, A S
מחברים אחרים: Manmohan Singh, H. K.
פורמט: Printed Book
שפה:English
יצא לאור: Delhi : Oxford , c1983.
נושאים:
LEADER 00674nam a22001577a 4500
008 190212b ||||| |||| 00| 0 eng d
082 |a 304.80954552 
100 |a Oberai, A S 
245 |a Causes and consequences of internal migration :  |b a study in the Indian Punjab /  |c A. S. Oberai and H. K. Manmohan Singh . 
260 |a Delhi :  |b Oxford ,  |c c1983. 
300 |a 434p. :  |b ill. ;  |c 23cm. 
650 7 |2 fast  |9 1083268  |a Migration, Internal  |v Population  |z India--Punjab 
700 |q Manmohan Singh, H. K. 
942 |c BK 
999 |c 309236  |d 309236 
952 |0 0  |1 0  |2 ddc  |4 0  |6 304_809545520000000_OBE_C  |7 0  |9 355008  |a LLE  |b LLE  |c ST1  |d 1985-02-02  |g 100.00  |i 825  |l 0  |o 304.80954552 OBE/C  |p LLE825  |r 2019-02-12  |y BK